000
00241nam a2200097Ia 4500
001
688752
005
20250826161621.0
008
250824s9999 xx 000 0 und d
245
0
_a
ÇAYA DÜŞEN DEM
_c
İSMAİL SAYDAM
260
_b
HAYAT YAYINLARI
999
_c
688752
_d
688752